000 01896nam a2200337 a 4500
001 ebr10551931
003 CaPaEBR
006 m u
007 cr cn|||||||||
008 110309s2011 nyuab sb 001 0 eng d
010 _z 2011009628
020 _z9781433115417 (hardcover alk. paper)
020 _z9781453907894 (e-book)
040 _aCaPaEBR
_cCaPaEBR
035 _a(OCoLC)794489875
050 1 4 _aBF323.C8
_bG33 2011eb
082 0 4 _a121/.6
_222
100 1 _aGade, Daniel W.,
_d1936-
245 1 0 _aCuriosity, inquiry, and the geographical imagination
_h[electronic resource] /
_cDaniel W. Gade.
260 _aNew York :
_bPeter Lang,
_cc2011.
300 _axviii, 307 p. :
_bill., map.
504 _aIncludes bibliographical references and index.
505 0 _aCuriosity about curiosity -- Exemplars of the inquisitive spirit -- Shamans and scholars : the questing self as archetype -- Epistemic curiosity and romantic sensibility in American geography -- Anima curiositas : Carl O. Sauer -- Curious descendants : Sauer's web of scholarly influence -- Scholarly motivation, intrinsic and extrinsic -- Born to seek : an intellectual topography -- Curiosity as progressive actualization -- Twisting paths and blind alleys : curiosity and the contingency of the quest -- Curiosity as text and sequel : landscape as witness to the past -- Conclusion. The long journey to scholarly enchantment.
533 _aElectronic reproduction.
_bPalo Alto, Calif. :
_cebrary,
_d2011.
_nAvailable via World Wide Web.
_nAccess may be limited to ebrary affiliated libraries.
650 0 _aCuriosity
_xHistory.
650 0 _aLearning
_xHistory.
650 0 _aHuman beings
_xHistory.
655 7 _aElectronic books.
_2local
710 2 _aebrary, Inc.
856 4 0 _uhttp://site.ebrary.com/lib/rucke/Doc?id=10551931
_zAn electronic book accessible through the World Wide Web; click to view
999 _c199265
_d199265